Teoría de la interpretación: discurso y excedente de sentido
Сохранить в:
| Главный автор: | |
|---|---|
| Формат: | |
| Язык: | испанский |
| Опубликовано: |
Ciudad de México
Siglo Veintiuno
1995
|
| Редактирование: | 1a. ed |
| Серии: | Linguística y Teoría Literaria
|
| Предметы: | |
| Метки: |
Добавить метку
Нет меток, Требуется 1-ая метка записи!
|
MARC
| LEADER | 00000cam a2200000 a 4500 | ||
|---|---|---|---|
| 001 | UCZ7198 | ||
| 003 | CL-VaPUC | ||
| 008 | 951228e19950000MX |||||||||||||||||spa|d | ||
| 020 | |a 9789682319556 | ||
| 082 | 0 | 4 | |a 808.5 |b RIC |2 21 |
| 100 | 0 | |a Ricoeur, Paul |e author |9 446 | |
| 245 | 1 | 0 | |a Teoría de la interpretación: discurso y excedente de sentido |
| 250 | |a 1a. ed | ||
| 300 | |a 112 p | ||
| 942 | |c BK | ||
| 945 | |d 19951228 00:00:00 |a rleighto | ||
| 260 | |a Ciudad de México |b Siglo Veintiuno |c 1995 | ||
| 650 | 0 | |a Discurso |9 351973 | |
| 650 | 0 | |a Lenguaje |9 265069 | |
| 650 | 0 | |a Escritura |9 264941 | |
| 650 | 7 | |a RECURSOS LITERARIOS |2 CL-VaPUC |9 351974 | |
| 650 | 0 | |a Símbolos |9 267425 | |
| 583 | |a last modification |c 20171102 11:35:04 |k Rodrigo Vera | ||
| 490 | 0 | |a Linguística y Teoría Literaria | |
| 999 | |c 243308 |d 243306 | ||
| 952 | |0 0 |1 0 |4 0 |6 808_500000000000000_RIC_1995 |7 0 |8 A |9 256873 |a BIBART |b BIBART |d 2019-11-19 |i 3198847 |o 808.5 RIC 1995 |p 3198847 |r 2025-03-13 |w 2019-11-19 |y BK |k ART | ||
| 952 | |0 0 |1 0 |4 0 |6 808_500000000000000_RIC_1995 |7 0 |8 A |9 256874 |a FDOPOS |b FDOPOS |d 2019-11-19 |i 4316827 |o 808.5 RIC 1995 |p 4316827 |r 2025-01-22 |w 2019-11-19 |y BK |k MLA | ||
| 952 | |0 0 |1 2 |4 0 |6 808_500000000000000_RIC_1995 |7 0 |8 A |9 256875 |a BIBGIM |b BIBGIM |d 2019-11-19 |i 4895282 |o 808.5 RIC 1995 |p 4895282 |r 2019-11-19 |w 2019-11-19 |y BK |k SSL | ||
| 952 | |0 0 |1 0 |4 0 |6 808_500000000000000_RIC_1995 |7 0 |8 A |9 256876 |a BIBCUR |b BIBCUR |d 2019-11-19 |i 4522605 |o 808.5 RIC 1995 |p 4522605 |r 2025-04-22 |w 2019-11-19 |y BK |k PER | ||
| 952 | |0 0 |1 0 |3 erb |4 0 |6 808_500000000000000_RIC_1995 |7 0 |8 A |9 256877 |a BIBTEO |b BIBTEO |i 524465K |o 808.5 RIC 1995 |p 524465K |r 2025-01-17 |w 2019-11-19 |y BK |z Catalogado en:20151022 |k ICR | ||
| 952 | |0 0 |1 0 |3 erb |4 0 |6 808_500000000000000_RIC_1995 |7 0 |8 A |9 256878 |a BIBHIS |b BIBHIS |i 5433983 |l 2 |o 808.5 RIC 1995 |p 5433983 |r 2025-01-20 |s 2023-08-30 |w 2019-11-19 |y BK |z Catalogado en:20171104 |k HIS | ||